बांधावरच्या बाभळी. (Record no. 724954)

MARC details
000 -LEADER
fixed length control field 00615nam a2200181Ia 4500
008 - FIXED-LENGTH DATA ELEMENTS--GENERAL INFORMATION
fixed length control field 100920s9999 xx 000 0 und d
082 ## - DEWEY DECIMAL CLASSIFICATION NUMBER
Item number 84395
Classification number 891.463.1 0
100 ## - MAIN ENTRY--PERSONAL NAME
Personal name माडगूळकर ग.दि.
245 ## - TITLE STATEMENT
Title बांधावरच्या बाभळी.
260 ## - PUBLICATION, DISTRIBUTION, ETC. (IMPRINT)
Name of publisher, distributor, etc रसिक साहित्य, पुणे.
Date of publication, distribution, etc 0
300 ## - PHYSICAL DESCRIPTION
Extent 147
Other physical details साधी
365 ## - TRADE PRICE
Price amount 125
520 ## - SUMMARY, ETC.
Summary, etc लघुकथा.
630 ## - SUBJECT ADDED ENTRY--UNIFORM TITLE
Uniform title बांधावरच्या बाभळी.
650 ## - SUBJECT ADDED ENTRY--TOPICAL TERM
Topical term or geographic name as entry element लघुकथा.
730 ## - ADDED ENTRY--UNIFORM TITLE
Uniform title बांधावरच्या बाभळी.
942 ## - ADDED ENTRY ELEMENTS (KOHA)
Koha item type Book
Holdings
Withdrawn status Lost status Damaged status Not for loan Home library Current library Shelving location Date acquired Cost, normal purchase price Total Checkouts Barcode Date last seen Price effective from Koha item type Public note
        Shri Chhatrapati Pratapsinh Maharaj ( Thorle) Nagar Vachanalaya, Satara Shri Chhatrapati Pratapsinh Maharaj ( Thorle) Nagar Vachanalaya, Satara     125.00   SATVAC-84395 09/20/2010 09/20/2010 Book देवघेव